000 00242nam a22000977a 4500
041 _aENG
245 _aA Modern Approach To Verbal Reasoning
260 _aDelhi
_bLucky Draw Coupon
_c1998
650 _aCompetitive (47)
856 _uCompetitive (47)
999 _c3068
_d3068